00281nam a2200109Ia 4500008004100000082002100041100001500062245004600077250000800123260002100131650001900152150201s2014 xx 000 0 und d a617.0707bM2014J aJOSE ,MAJI aMANUAL OF ORAL HISTOLOGY & ORAL PATHOLOGY a1ST bC.B.S.PUBLISHERS aORAL PATHOLOGY